| 000 | 01542nam a2200217Ia 4500 | ||
|---|---|---|---|
| 003 | Ost | ||
| 005 | 20260507075609.0 | ||
| 008 | 260507s9999||||xx |||||||||||||| ||und|| | ||
| 040 | _cfsecg | ||
| 041 | _aara | ||
| 082 | _a657.46 | ||
| 100 |
_aشحاتة، السيد شحاتة _eمؤلف |
||
| 245 | 0 |
_aمبادئ المحاسبة المالية وفقا لمعايير المحاسبة الدولية وفقا لمعايير المحاسبة المصرية والدولية : _bالمحاسبة عن النقدية- العملاء- أوراق القبض- المخزون- الأصول طويلة الأجل- الأخطاء المحاسبية وكيفية معالجتها / _c السيد شحاتة شحاتة |
|
| 260 |
_aالإسكندرية: _bدار التعليم الجامعي, _c(د.ت) |
||
| 300 |
_a352 صفحة؛ _bإيضاحات ؛ _c24 سم |
||
| 520 | _aتناول هذا الكتاب مبادئ المحاسبة المالية وفقا لمعايير المحاسبة الدولية وفقا لمعايير المحاسبة المصرية والدولية، حيث تحدث من خلال فصوله عن المحاسبة عن النقدية والعملاء وأوراق القبض والمخزون بالاضافة الى الأصول طويلة الأجل والأخطاء المحاسبية وكيفية معالجتها. | ||
| 653 | _aالمحاسبة المالية | ||
| 653 | _aمعايير المحاسبة | ||
| 700 |
_aسليمان، معتز حسين وآخرون _eمؤلف ثانوي |
||
| 942 | _cكتاب | ||
| 999 |
_c45057 _d45057 |
||